000 01423cam a2200361 a 4500
999 _c113339
_d113339
001 14709156
003 OSt
005 20190404202414.0
008 070124s2007 enka b 001 0 eng
010 _a 2007003074
015 _aGBA724018
_2bnb
016 7 _a013704202
_2Uk
020 _a9780199270125
035 _a(OCoLC)ocm80360489
035 _a(OCoLC)80360489
040 _aDLC
_cDLC
_dUKM
_dBTCTA
_dBAKER
_dBWKUK
_dYDXCP
_dOCL
_dDLC
050 0 0 _aJA74.5
_b.O93 2007
082 0 0 _a306.2
_222
245 0 4 _aThe oxford handbook of political behavior /
_cedited by Russell J. Dalton and Hans-Dieter Klingemann.
246 3 0 _aPolitical behavior
260 _aOxford ;
_aNew York :
_bOxford University Press,
_c2007.
300 _axvi, 992 p. :
_bill. ;
_c26 cm.
440 0 _aOxford handbooks of political science
504 _aIncludes bibliographical references and indexes.
650 0 _aPolitical psychology.
650 0 _aPolitical sociology.
700 1 _aDalton, Russell J.
700 1 _aKlingemann, Hans-Dieter.
856 4 1 _uhttp://www.oxfordhandbooks.com/view/10.1093/oxfordhb/9780199270125.001.0001/oxfordhb-9780199270125?rskey=a6kyF6&result=36
906 _a7
_bcbc
_corignew
_d1
_eecip
_f20
_gy-gencatlg
942 _2ddc
_cEBK